Statistics for TV Shows by Picture Riddles #1

Click here to take the quiz!

General Stats

  • This quiz has been taken 115 times
  • The average score is 6 of 16

Answer Stats

Answer% Correct
House of Cards
93%
Cheers
76%
Doctor Who
57%
One Tree Hill
50%
Orange is the New Black
42%
Brooklyn 99
40%
The X Files
39%
The King of Queens
38%
The West Wing
35%
Thunderbirds
33%
Ted Lasso
32%
Rugrats
21%
The Tom and Jerry Show
15%
Curb Your Enthusiasm
14%
Malcolm in the Middle
13%
You
10%

Score Distribution

Percentile by Number Answered

Percent of People with Each Score

Your Score History

You have not taken this quiz